Elements & US states that share abbreviations - Statistics

General Stats
  • This quiz has been taken 155 times
    132 since last reset
  • The average score is 11 of 17
Answer Stats
Answer % Correct
CA
82%
AL
77%
AR
76%
CO
73%
GA
72%
FL
67%
MO
65%
MN
64%
IN
62%
MD
62%
MT
62%
LA
59%
NE
59%
ND
58%
SC
57%
PA
55%
NH
51%
No matching quizzes found
Score Distribution
Percent of People with Each Score
Percentile by Number Answered
Your Score History
You have not taken this quiz since the last reset